| 000 | 02487nam0a2200409 4500 | ||
|---|---|---|---|
| 001 | RU\NLR\BIBL_A\010739980 | ||
| 005 | 20260406161723.0 | ||
| 010 |
_a978-5-8354-0950-1 _91000 |
||
| 021 |
_aRU _b13-77293 |
||
| 035 | _a(NILC)RuMoRGB-006669212 | ||
| 035 | _a(NLR Aleph) 010739980 | ||
| 090 |
_a9898582 _c9898582 |
||
| 100 | _a20150424d2015 |||y0rusy50 ca | ||
| 101 | 0 | _arus | |
| 102 | _aRU | ||
| 105 | _ay|||j|||001yy | ||
| 200 | 1 |
_aГражданский процесс _eучебник для вузов _eдля студентов высших учебных заведений, обучающихся по направлению "Юриспруденция" и специальности "Юриспруденция" _f[Аргунов В.В., к.ю.н., доц., Борисова Е.А., д.ю.н., проф., Бочарова Н.С., к.ю.н., доц. и др.] _gпод ред. засл. деят. науки РФ, д.ю.н., проф. М.К. Треушникова _gМоск. гос. ун-т им. М.В. Ломоносова, Юрид. фак., Каф. гражд. процесса |
|
| 205 | _a[5-е изд., перераб. и доп.] | ||
| 210 |
_aМосква _cСтатут _d2015 _d(макет 2014) |
||
| 215 |
_a959 с. _d22 |
||
| 300 | _aАвт. указаны на обороте тит. л. | ||
| 320 | _aБиблиогр. в подстроч. примеч. | ||
| 606 | 1 |
_aГражданский процесс _jУчебники для высших учебных заведений _yРоссийская Федерация _92079368 _3RU\NLR\AUTH\661255247 |
|
| 675 | _a347.91/.95(075.8) | ||
| 686 | 1 | _aХ629.2я73 | |
| 701 | 1 |
_aАргунов _bВ. В. _gВсеволод Владимирович |
|
| 701 | 1 |
_4070 _8rus _7ca _aБорисова _bЕ. А. _cд-р юрид. наук _f1966- _gЕлена Александровна _3RU\NLR\AUTH\774421 _9114402 |
|
| 701 | 1 |
_aБочарова _bН.С. _gНаталия Сергеевна |
|
| 702 | 1 |
_4340 _8rus _7ca _aТреушников _f1938-2021 _bМ. К. _gМихаил Константинович _3RU\NLR\AUTH\777483 _9117417 |
|
| 712 | 0 | 2 |
_4570 _aМГУ им. М. В. Ломоносова _bКафедра гражданского процесса _3RU\NLR\AUTH\889933092 _9361375 |
| 801 | 0 |
_aRU _bRuMoRKP _c20101220 _gRCR |
|
| 801 | 2 |
_aRU _bРГБ _c20150318 _grcr |
|
| 942 | _cBOOK | ||
| 980 | _aNBR | ||
| 980 | _aNB | ||